Constructing the American past : (Record no. 27108)
[ view plain ]
| 000 -LEADER | |
|---|---|
| fixed length control field | 01181cam a22003375i 4500 |
| 001 - CONTROL NUMBER | |
| control field | 14809972 |
| 003 - CONTROL NUMBER IDENTIFIER | |
| control field | OSt |
| 005 - DATE AND TIME OF LATEST TRANSACTION | |
| control field | 20190211103234.0 |
| 008 - FIXED-LENGTH DATA ELEMENTS--GENERAL INFORMATION | |
| fixed length control field | 070416s2008 nyuab frb 001 0 eng d |
| 020 ## - INTERNATIONAL STANDARD BOOK NUMBER | |
| International Standard Book Number | 9780321482037 (v. 2) |
| 020 ## - INTERNATIONAL STANDARD BOOK NUMBER | |
| International Standard Book Number | 0321482034 (v. 2) |
| 035 ## - SYSTEM CONTROL NUMBER | |
| System control number | (OCoLC)ocn123390941 |
| 035 ## - SYSTEM CONTROL NUMBER | |
| System control number | (OCoLC)123390941 |
| 040 ## - CATALOGING SOURCE | |
| Original cataloging agency | DLC |
| Transcribing agency | DLC |
| Modifying agency | DLC |
| -- | EG-ScBUE |
| Language of cataloging | eng |
| 043 ## - GEOGRAPHIC AREA CODE | |
| Geographic area code | n-us--- |
| 082 04 - DEWEY DECIMAL CLASSIFICATION NUMBER | |
| Classification number | 973 |
| Edition number | 22 |
| Item number | CON |
| 245 00 - TITLE STATEMENT | |
| Title | Constructing the American past : |
| Remainder of title | a source book of a people's history, |
| Medium | vol.2 / |
| Statement of responsibility, etc | [edited by] Elliott J. Gorn, Randy Roberts, Terry D. Bilhartz. |
| 250 ## - EDITION STATEMENT | |
| Edition statement | 6th ed. |
| 264 #1 - PUBLICATION, DISTRIBUTION, ETC. (IMPRINT) | |
| Place of publication, distribution, etc | New York : |
| Name of publisher, distributor, etc | Pearson Education Inc., |
| Date of publication, distribution, etc | c.2008. |
| 300 ## - PHYSICAL DESCRIPTION | |
| Extent | xvii, 346 pages : |
| Other physical details | illustrations, maps ; |
| Dimensions | 24 cm. |
| 336 ## - CONTENT TYPE | |
| Source | rdacontent |
| Content type term | txt |
| 337 ## - MEDIA TYPE | |
| Source | rdamedia |
| Media type term | unmediated |
| 338 ## - CARRIER TYPE | |
| Source | rdacarrier |
| Carrier type term | volume |
| 504 ## - BIBLIOGRAPHY, ETC. NOTE | |
| Bibliography, etc | Includes bibliographical references and indexes. |
| 651 #7 - SUBJECT ADDED ENTRY--GEOGRAPHIC NAME | |
| Geographic name | United States |
| General subdivision | History |
| Form subdivision | Sources. |
| Source of heading or term | BUEsh |
| 9 (RLIN) | 41972 |
| 653 ## - INDEX TERM--UNCONTROLLED | |
| Resource For college | Generalities |
| Arrived date list | February2019 |
| 700 1# - ADDED ENTRY--PERSONAL NAME | |
| Personal name | Gorn, Elliott J., |
| Dates associated with a name | 1951- |
| Relator term | editor. |
| 9 (RLIN) | 41973 |
| 700 1# - ADDED ENTRY--PERSONAL NAME | |
| Personal name | Roberts, Randy, |
| Dates associated with a name | 1951- |
| Relator term | editor. |
| 9 (RLIN) | 41974 |
| 700 1# - ADDED ENTRY--PERSONAL NAME | |
| Personal name | Bilhartz, Terry D. |
| Relator term | editor. |
| 9 (RLIN) | 41975 |
| 942 ## - ADDED ENTRY ELEMENTS (KOHA) | |
| Source of classification or shelving scheme | Dewey Decimal Classification |
| Koha item type | Book - Borrowing |
| Withdrawn status | Lost status | Source of classification or shelving scheme | Damaged status | Not for loan | Home library | Current library | Date acquired | Total Checkouts | Full call number | Barcode | Date last seen | Price effective from | Koha item type |
|---|---|---|---|---|---|---|---|---|---|---|---|---|---|
| Dewey Decimal Classification | Central Library | Central Library | 10/02/2019 | 973 CON | 000044211 | 15/07/2025 | 10/02/2019 | Book - Borrowing |